[Event "Palma de Mallorca op 3rd"]
[Site "Palma de Mallorca"]
[Date "2008.12.10"]
[Round "5"]
[White "Schenk Papke, Christian"]
[Black "Valls Casas, Jordi"]
[Result "0-1"]
[WhiteElo "1788"]
[BlackElo "2091"]
[PlyCount "110"]
[EventDate "2008.12.06"]
[EventType "swiss"]
[EventRounds "9"]
[EventCountry "ESP"]
[SourceTitle "CBM 127 Extra"]
[Source "ChessBase"]
[SourceDate "2009.01.08"]
[SourceVersion "2"]
[SourceVersionDate "2009.01.28"]
[SourceQuality "1"]

1. e4 c6 2. d4 d5 3. exd5 cxd5 4. Bd3 Nc6 5. c3 e5 6. dxe5 Nxe5 7. Bb5+ Nc6 8. Nf3 a6 9. Ba4 Bc5 10. 0-0 Nge7 11. Bg5 0-0 12. Qd3 Bf5 13. Qxf5 Nxf5 14. Bxd8 Raxd8 15. Nbd2 b5 16. Bc2 Nd6 17. Rad1 Bb6 18. Rfe1 d4 19. cxd4 Nxd4 20. Nxd4 Bxd4 21. b3 Bc3 22. Re2 b4 23. Nf3 g6 24. g3 Nb5 25. Rxd8 Rxd8 26. Re7 Bf6 27. Rb7 Nd4 28. Nxd4 Rxd4 29. Rb6 Bg7 30. Rxa6 f5 31. Rc6 Rd2 32. Rc4 Bc3 33. Rc8+ Kg7 34. Rc7+ Kh6 35. Bxf5 gxf5 36. h4 Rxa2 37. Kg2 Bd4 38. Rc6+ Kh5 39. Kh3 Rxf2 40. Rc7 Kg6 41. Rc6+ Kf7 42. Rc7+ Ke6 43. Rxh7 Rf3 44. Rb7 Rxb3 45. h5 Be5 46. Rb6+ Kf7 47. h6 Rxg3+ 48. Kh4 Rg4+ 49. Kh3 Bc3 50. h7 Kg7 51. Rb7+ Kh8 52. Rf7 Rg7 53. Rf8+ Kxh7 54. Rxf5 Rb7 55. Rc5 b3 0-1

[Event "Palma de Mallorca op 3rd"]
[Site "Palma de Mallorca"]
[Date "2008.12.07"]
[Round "2"]
[White "Pons Servera, Cristobal"]
[Black "Schenk Papke, Christian"]
[Result "1-0"]
[WhiteElo "2137"]
[BlackElo "1788"]
[PlyCount "47"]
[EventDate "2008.12.06"]
[EventType "swiss"]
[EventRounds "9"]
[EventCountry "ESP"]
[SourceTitle "CBM 127 Extra"]
[Source "ChessBase"]
[SourceDate "2009.01.08"]
[SourceVersion "2"]
[SourceVersionDate "2009.01.28"]
[SourceQuality "1"]

1. e4 d5 2. exd5 Qxd5 3. Nc3 Qa5 4. d4 c6 5. Nf3 Bg4 6. Bc4 e6 7. h3 Bh5 8. Bd2 Qd8 9. g4 Bg6 10. Bg5 Nf6 11. Ne5 Be7 12. h4 Be4 13. Nxe4 Nxe4 14. Bxe7 Qxe7 15. Qf3 Nd6 16. Bb3 Nd7 17. 0-0-0 Qf6 18. Qe3 Nb6 19. c4 Ndc8 20. g5 Qe7 21. h5 a6 22. g6 Na7 23. gxf7+ Kd8 24. d5 1-0

[Event "Palma de Mallorca op 3rd"]
[Site "Palma de Mallorca"]
[Date "2008.12.06"]
[Round "1"]
[White "Schenk Papke, Christian"]
[Black "Roos, Michael"]
[Result "0-1"]
[WhiteElo "1788"]
[BlackElo "2367"]
[PlyCount "50"]
[EventDate "2008.12.06"]
[EventType "swiss"]
[EventRounds "9"]
[EventCountry "ESP"]
[SourceTitle "CBM 127 Extra"]
[Source "ChessBase"]
[SourceDate "2009.01.08"]
[SourceVersion "2"]
[SourceVersionDate "2009.01.28"]
[SourceQuality "1"]

1. d4 g6 2. Nf3 Bg7 3. Bf4 d6 4. e3 Nd7 5. h3 e5 6. dxe5 dxe5 7. Bg5 f6 8. Bh4 Nh6 9. Qd5 Qe7 10. Nc3 Nb6 11. Qa5 Nf5 12. g4 Nxh4 13. Nxh4 c6 14. 0-0-0 0-0 15. Bd3 f5 16. gxf5 Qxh4 17. fxg6 h6 18. Ne4 Bf5 19. Ng3 Bxd3 20. Rxd3 Rxf2 21. e4 Raf8 22. b3 Rg2 23. Nf5 Qxe4 24. Nxg7 Kxg7 25. Qc5 Nd5 0-1